En este tu día / (Record no. 168544)
[ view plain ]
| 000 -LEADER | |
|---|---|
| campo de control de longitud fija | 00494nam a22001575i 4500 |
| 001 - NÚMERO DE CONTROL | |
| campo de control | 168544 |
| 003 - IDENTIFICADOR DE NÚMERO DE CONTROL | |
| campo de control | ES-MaACL |
| 005 - FECHA Y HORA DE LA ÚLTIMA TRANSACCIÓN | |
| campo de control | 20230906213821.0 |
| 008 - DATOS DE LONGITUD FIJA--INFORMACIÓN GENERAL | |
| campo de control de longitud fija | 080417q1947 sp |||| | spa d |
| 100 1# - ENTRADA PRINCIPAL--NOMBRE DE PERSONA | |
| Nombre de persona | McLaverty, Michael. |
| 9 (RLIN) | 137635 |
| 245 10 - MENCIÓN DEL TÍTULO | |
| Título | En este tu día / |
| Mención de responsabilidad, etc. | por Michael McLaverty ; [versión castellana, F. Cruz de la Rosa]. |
| 260 ## - PUBLICACIÓN, DISTRIBUCIÓN, ETC. | |
| Lugar de publicación, distribución, etc. | Madrid : |
| Nombre del editor, distribuidor, etc. | La Nave, |
| Fecha de publicación, distribución, etc. | [ca. 1947] |
| 300 ## - DESCRIPCIÓN FÍSICA | |
| Extensión | 372 p. ; |
| Dimensiones | 15 cm. |
| 700 1# - ENTRADA AGREGADA--NOMBRE PERSONAL | |
| Nombre de persona | Cruz de la Rosa, Francisco. |
| 9 (RLIN) | 41825 |
| 852 4# - LOCALIZACIÓN | |
| Ubicación | ES-MaACL |
| Número de control de estantería | G-13219 |
| Estatus retirado | Estado de pérdida | Estado de daño | No para préstamo | Biblioteca de origen | Biblioteca actual | Ubicación en estantería | Fecha de adquisición | Fuente de adquisición | Total de préstamos | Signatura topográfica completa | Código de barras | Visto por última vez | Precio de reemplazo | Tipo de ítem Koha |
|---|---|---|---|---|---|---|---|---|---|---|---|---|---|---|
| Biblioteca del Ateneo de Madrid | Biblioteca del Ateneo de Madrid | Sala Pecera Planta 3 | 17/04/2008 | G-13219 | 1176869 | 23/02/2023 | 23/02/2023 | Libro impreso |
